High Court Civil Appeal No. MKA 4 OF 1994 (Arising from C.S. No. 30/1993 of Nyarusiza) Samwiri Iyamuremye Vs Jovanis Nyirakamarande (Record no. 4192)
[ view plain ]
| 000 -LEADER | |
|---|---|
| fixed length control field | 00466nam a22001097a 4500 |
| 008 - FIXED-LENGTH DATA ELEMENTS--GENERAL INFORMATION | |
| fixed length control field | 110628t xxu||||| |||| 00| 0 eng d |
| 010 ## - LIBRARY OF CONGRESS CONTROL NUMBER | |
| LC control number | HCCAF114 |
| 245 ## - TITLE STATEMENT | |
| Title | High Court Civil Appeal No. MKA 4 OF 1994 (Arising from C.S. No. 30/1993 of Nyarusiza) Samwiri Iyamuremye Vs Jovanis Nyirakamarande |
| 260 ## - PUBLICATION, DISTRIBUTION, ETC. (IMPRINT) | |
| Date of publication, distribution, etc | 1994 |
| 500 ## - GENERAL NOTE | |
| General note | BEFORE: THE HON. JUSTICE A.N. KAROKORA |
| Withdrawn status | Lost status | Source of classification or shelving scheme | Damaged status | Koha normalized classification for sorting | Not for loan | Location (home branch) | Sublocation or collection (holding branch) | Shelving location | Date acquired | Koha issues (times borrowed) | Koha full call number | Piece designation (barcode) | Koha date last seen | Price effective from | Koha item type |
|---|---|---|---|---|---|---|---|---|---|---|---|---|---|---|---|
| Dewey Decimal Classification | HCCAF__114 | Law Development Centre Main Library | Law Development Centre Main Library | Law Reports | 06/28/2011 | HCCAF_114 | MKA. 4/1994/1 | 06/28/2011 | 06/28/2011 | Un Reported Cases |
